000 005740000a22002050004500
001 17307
010 _a972-21-1514-6
090 _a17307
100 _a20050502d2002 d y0pory5003 ba
101 0 _apor
102 _aPT
200 1 _aO gorro vermelho
_fAna Saldanha
210 _aLisboa
_cCaminho
_d2002
215 _a95 p
225 2 _aEra uma vez... outra vez
_v2
675 _a087.5
_vBN
_zpor
675 _a821.134.3-31"19"
_vBN
_zpor
700 1 _aSaldanha
_bAna
_f1959-
942 _cMON
_n0
999 _a17307
_bBibliobase - BMTAV
_c2019-01-21